Delito de almacenamiento de pornografía infantil
Gorde:
| Egile nagusia: | |
|---|---|
| Formatua: | Liburua |
| Hizkuntza: | gaztelania |
| Argitaratua: |
Santiago
Librotecnia
2010
|
| Edizioa: | 1a. ed |
| Gaiak: | |
| Etiketak: |
Etiketa erantsi
Etiketarik gabe, Izan zaitez lehena erregistro honi etiketa jartzen!
|
MARC
| LEADER | 00000cam a2200000 a 4500 | ||
|---|---|---|---|
| 001 | UCG8625 | ||
| 003 | CL-VaPUC | ||
| 008 | 111223e20100100CL |||||||||||||||||spa|d | ||
| 020 | |a 9789563270136 | ||
| 082 | 0 | 4 | |a 364.153 |b SAN |2 21 |
| 100 | 0 | |a Sánchez Pecarevic, Claudio |e author |9 559726 | |
| 245 | 1 | 0 | |a Delito de almacenamiento de pornografía infantil |
| 250 | |a 1a. ed | ||
| 300 | |a 307 p | ||
| 942 | |c BK | ||
| 945 | |d 20111223 00:00:00 |a dcastane | ||
| 260 | |a Santiago |b Librotecnia |c 2010 | ||
| 650 | 7 | |a PORNOGRAFIA INFANTIL |2 CL-VaPUC |9 467638 | |
| 650 | 0 | |a Aspectos jurídicos |9 328188 | |
| 650 | 0 | |a Derecho comparado |9 255664 | |
| 583 | |a last modification |c 20111223 12:06:00 |k Rodrigo Vera | ||
| 999 | |c 346229 |d 346227 | ||
| 952 | |0 0 |1 0 |4 0 |6 364_153000000000000_SAN_2010 |7 0 |8 A |9 446845 |a BIBDER |b BIBDER |d 2019-11-22 |i 4816099 |o 364.153 SAN 2010 |p 4816099 |r 2023-01-25 |w 2019-11-22 |y BK |k DER | ||